Re-engineering the enterprise processing of the ifip working conference on re-engineering the interprise (Record no. 580183)

000 -LEADER
fixed length control field 00496nam a22001697a 4500
003 - CONTROL NUMBER IDENTIFIER
control field CEME
005 - DATE AND TIME OF LATEST TRANSACTION
control field 20210628205252.0
008 - FIXED-LENGTH DATA ELEMENTS--GENERAL INFORMATION
fixed length control field 210224b xxu||||| |||| 00| 0 eng d
020 ## - INTERNATIONAL STANDARD BOOK NUMBER
International Standard Book Number 0-412-64260-3
040 ## - CATALOGING SOURCE
Transcribing agency .
082 ## - DEWEY DECIMAL CLASSIFICATION NUMBER
Classification number 658.576 REE'B
100 ## - MAIN ENTRY--PERSONAL NAME
Personal name Sullivan, D. O Brown, J
9 (RLIN) 74677
245 ## - TITLE STATEMENT
Title Re-engineering the enterprise processing of the ifip working conference on re-engineering the interprise
260 ## - PUBLICATION, DISTRIBUTION, ETC.
Place of publication, distribution, etc. LONDON
Name of publisher, distributor, etc. CHAPMAN & HALL
Date of publication, distribution, etc. 1995
300 ## - PHYSICAL DESCRIPTION
Extent VI, 337P
942 ## - ADDED ENTRY ELEMENTS (KOHA)
Koha item type Book
Source of classification or shelving scheme
Holdings
Withdrawn status Lost status Source of classification or shelving scheme Damaged status Not for loan Permanent Location Current Location Shelving location Date acquired Full call number Barcode Date last seen Price effective from Koha item type Public note
          College of Electrical & Mechanical Engineering (CEME) College of Electrical & Mechanical Engineering (CEME) General Stacks 05/09/2017 658.576 REE'B CEME-31335 06/28/2021 06/28/2021 Book 1.6
© 2023 Central Library, National University of Sciences and Technology. All Rights Reserved.